|
|
|
|
| LEADER |
00700nab a2200181 i 4500 |
| 001 |
acta51496 |
| 005 |
20250409092559.0 |
| 008 |
180425s1938 hu o 000 hun d |
| 040 |
|
|
|a SZTE Egyetemi Kiadványok Repozitórium
|b hun
|
| 041 |
|
|
|a hun
|
| 245 |
0 |
0 |
|a Természeti és gazdasági ismeretek
|h [elektronikus dokumentum] :
|b III. osztály
|
| 260 |
|
|
|c 1938
|
| 300 |
|
|
|a 25-26
|
| 490 |
0 |
|
|a Gyakorlati pedagógia
|v 4 No. 1
|
| 650 |
|
4 |
|a Társadalomtudományok
|
| 650 |
|
4 |
|a Oktatástudomány
|
| 695 |
|
|
|a Természetismeret tanítása - általános iskola, Madarak, Veréb, Óravázlat, Pedagógia - gyakorlati
|
| 856 |
4 |
0 |
|u http://acta.bibl.u-szeged.hu/51496/1/gyakorlati_1938_001_025-026.pdf
|z Dokumentum-elérés
|